<?xml version="1.0" encoding="UTF-8"?><?xml-stylesheet type="text/xsl" href="static/style.xsl"?><OAI-PMH xmlns="http://www.openarchives.org/OAI/2.0/" xmlns:xsi="http://www.w3.org/2001/XMLSchema-instance" xsi:schemaLocation="http://www.openarchives.org/OAI/2.0/ http://www.openarchives.org/OAI/2.0/OAI-PMH.xsd"><responseDate>2026-06-29T22:08:29Z</responseDate><request verb="GetRecord" identifier="oai:riubu.ubu.es:10259/4656" metadataPrefix="marc">https://riubu.ubu.es/oai/request</request><GetRecord><record><header><identifier>oai:riubu.ubu.es:10259/4656</identifier><datestamp>2022-04-26T11:42:10Z</datestamp><setSpec>com_10259_2699</setSpec><setSpec>col_10259_2701</setSpec></header><metadata><record xmlns="http://www.loc.gov/MARC21/slim" xmlns:doc="http://www.lyncode.com/xoai" xmlns:xsi="http://www.w3.org/2001/XMLSchema-instance" xmlns:dcterms="http://purl.org/dc/terms/" xsi:schemaLocation="http://www.loc.gov/MARC21/slim http://www.loc.gov/standards/marcxml/schema/MARC21slim.xsd">
<leader>00925njm 22002777a 4500</leader>
<datafield tag="042" ind1=" " ind2=" ">
<subfield code="a">dc</subfield>
</datafield>
<datafield tag="720" ind1=" " ind2=" ">
<subfield code="a">Rivadeneyra Posadas, Jéssica Jannett</subfield>
<subfield code="e">author</subfield>
</datafield>
<datafield tag="260" ind1=" " ind2=" ">
<subfield code="c">2015</subfield>
</datafield>
<datafield tag="520" ind1=" " ind2=" ">
<subfield code="a">Esta tesis evalúa la calidad nutricional de 162 menús escolares del nivel primario en Burgos. Asimismo, determina y compara por ración la composición nutricional obtenida mediante análisis químico (según métodos analíticos de la AOAC, 2002) con lo calculado por tres programas informáticos de alimentos (AyS, DIAL y Kellogg´s) y seis tablas de composición de alimentos (TCAs) (CESNID, 2008; Mataix y col., 2011; Moreiras y col., 2013; Ortega y col., 2010; Senser y Scherz, 1999 y USDA, release 27) en diez menús escolares, siete alimentos/platos crudos, ocho alimentos/platos procesados industrialmente y ocho alimentos/platos cocinados.&#xd;
Sólo 14% y 3% de los menús escolares cumplieron las recomendaciones alimentarias y nutricionales respectivamente. Existen diferencias entre los programas informáticos de alimentos y entre el análisis químico con las TCAs, cuestionándose su utilización. Además, se observaron cambios en la composición nutricional tras el cocinado que no responden al origen del alimento ni al método de análisis.</subfield>
</datafield>
<datafield tag="520" ind1=" " ind2=" ">
<subfield code="a">This thesis evaluates the nutritional quality of 162 menus in Burgos primary school. Likewise, determines and compares nutritional composition obtained by chemical analysis (according to analytical methods of AOAC, 2002) with calculated by three food software (AyS, DIAL and Kellogg´s) and, six food composition tables (TCAs) (CESNID, 2008; Mataix et al, 2011; Moreiras et al, 2013; Ortega et al, 2010; Senser and Scherz, 1999; USDA, release 27) of ten school menus, seven raw food, eight food/dishes processed industrially and, eight food/dishes cooked by servings.&#xd;
Only 14% and 3% of school menus accomplish food and nutritional recommendations respectively. There are differences between food softwares, between the chemical analysis with TCAs, questioning its use. On the other hand, changes were observed in nutritional composition after cooked unresponsive to origin of the food or the analysis method.</subfield>
</datafield>
<datafield tag="024" ind2=" " ind1="8">
<subfield code="a">http://hdl.handle.net/10259/4656</subfield>
</datafield>
<datafield tag="024" ind2=" " ind1="8">
<subfield code="a">10.36443/10259/4656</subfield>
</datafield>
<datafield ind1=" " ind2=" " tag="653">
<subfield code="a">menús escolares</subfield>
</datafield>
<datafield ind1=" " ind2=" " tag="653">
<subfield code="a">análisis químico</subfield>
</datafield>
<datafield ind1=" " ind2=" " tag="653">
<subfield code="a">alimentos y platos crudos, procesados industrialmente y cocinados</subfield>
</datafield>
<datafield ind1=" " ind2=" " tag="653">
<subfield code="a">tablas de composición de alimentos</subfield>
</datafield>
<datafield ind1=" " ind2=" " tag="653">
<subfield code="a">programas informáticos de alimentos</subfield>
</datafield>
<datafield ind1=" " ind2=" " tag="653">
<subfield code="a">schools menus</subfield>
</datafield>
<datafield ind1=" " ind2=" " tag="653">
<subfield code="a">chemical analysis</subfield>
</datafield>
<datafield ind1=" " ind2=" " tag="653">
<subfield code="a">food raw, food and dishes industrially processed, and food and dishes cooked</subfield>
</datafield>
<datafield ind1=" " ind2=" " tag="653">
<subfield code="a">food composition tables</subfield>
</datafield>
<datafield ind1=" " ind2=" " tag="653">
<subfield code="a">food software</subfield>
</datafield>
<datafield tag="245" ind1="0" ind2="0">
<subfield code="a">Impacto nutricional del cocinado y procesado industrial en alimentos, platos y menús, tras su valoración mediante análisis químico, programas informáticos y tablas de composición de alimentos</subfield>
</datafield>
</record></metadata></record></GetRecord></OAI-PMH>